[Event "HUN-chT2 Erkel 1213"]
[Site "Hungary"]
[Date "2013.04.07"]
[Round "10.5"]
[White "Mizsei, Janos"]
[Black "Kormos, Andras"]
[Result "1/2-1/2"]
[WhiteElo "2108"]
[BlackElo "2145"]
[PlyCount "83"]
[EventDate "2012.09.16"]
[EventType "team-tourn"]
[EventRounds "11"]
[EventCountry "HUN"]
[SourceTitle "EXT 2014"]
[Source "ChessBase"]
[SourceDate "2013.11.20"]
[SourceVersion "1"]
[SourceVersionDate "2013.11.20"]
[SourceQuality "1"]
[WhiteTeam "Nagykata"]
[BlackTeam "BEAC II"]
[WhiteTeamCountry "HUN"]
[BlackTeamCountry "HUN"]

1. d4 g6 2. c4 Bg7 3. Nf3 d6 4. e4 Bg4 5. Be2 Nc6 6. Be3 e5 7. d5 Nce7 8. Nc3 Nf6 9. 0-0 Nd7 10. b4 b6 11. Na4 Bxf3 12. Bxf3 f5 13. Rc1 Nf6 14. Nc3 0-0 15. c5 Kh8 16. cxd6 cxd6 17. Qd3 Qd7 18. Rc2 Rac8 19. Rfc1 h6 20. a4 Rc7 21. Nb5 Rxc2 22. Rxc2 Rc8 23. Rxc8+ Nxc8 24. g3 Ne7 25. Bg2 fxe4 26. Bxe4 Nxe4 27. Qxe4 a6 28. Nc3 Qb7 29. b5 axb5 30. Nxb5 Qxd5 31. Qxd5 Nxd5 32. Nxd6 Nc3 33. Bxb6 Nxa4 34. Bc7 Kg8 35. Nc4 e4 36. Nd2 Nc5 37. Bd6 Bc3 38. Bxc5 Bxd2 39. Kf1 h5 40. Ke2 Bh6 41. Be3 Bg7 42. Bc5 1/2-1/2

[Event "Budapest-chT1 Lilienthal 1213"]
[Site "Budapest"]
[Date "2013.02.03"]
[Round "7"]
[White "Kormos, Andras"]
[Black "Prorok, Marton"]
[Result "0-1"]
[WhiteElo "2145"]
[BlackElo "2229"]
[PlyCount "148"]
[EventDate "2012.09.30"]
[EventType "team-tourn"]
[EventRounds "11"]
[EventCountry "HUN"]
[SourceTitle "EXT 2019"]
[Source "ChessBase"]
[SourceDate "2018.10.10"]
[SourceVersion "1"]
[SourceVersionDate "2018.10.10"]
[SourceQuality "1"]
[WhiteTeam "Budapest EAC"]
[BlackTeam "Fabulon"]
[WhiteTeamCountry "HUN"]
[BlackTeamCountry "HUN"]

1. c4 f5 2. Nc3 Nf6 3. g3 e5 4. Bg2 Nc6 5. a3 a5 6. d3 Bc5 7. e3 d6 8. Nge2 0-0 9. 0-0 Kh8 10. b3 Ng4 11. Nd5 Be6 12. h3 Nh6 13. d4 Ba7 14. Nxc7 Qxc7 15. d5 Bf7 16. dxc6 bxc6 17. Nc3 Rab8 18. Rb1 a4 19. c5 Bxb3 20. Qxd6 Qa5 21. Qxe5 Nf7 22. Qxf5 Qxc3 23. Be4 g6 24. Qd7 Qxc5 25. Bb2+ Kg8 26. Bd4 Rbd8 27. Qxa7 Qxa7 28. Bxa7 Ng5 29. Bg2 Be6 30. Bxc6 Rd2 31. e4 Bxh3 32. Rfd1 Rfxf2 33. Rxd2 Rxd2 34. e5 Rc2 35. Bd5+ Be6 36. Rb8+ Kf7 37. Rb7+ Kg8 38. Bxe6+ Nxe6 39. Re7 Ng5 40. e6 Re2 41. Re8+ Kg7 42. Bd4+ Kh6 43. Bf6 Nxe6 44. Ra8 Nc5 45. Kf1 Ra2 46. Be7 Ne4 47. g4 Rf2+ 48. Ke1 Rf7 49. Bd8 Rb7 50. Ra5 Kg7 51. Ke2 Rb3 52. Ra7+ Kg8 53. Be7 h6 54. Bb4 Rg3 55. Rxa4 Rxg4 56. Ra8+ Kf7 57. a4 h5 58. Be1 Nc5 59. a5 Ra4 60. Bf2 Ra2+ 61. Kf3 Ra3+ 62. Kg2 Ne4 63. Bb6 g5 64. a6 h4 65. a7 h3+ 66. Kh2 g4 67. Rh8 Ra2+ 68. Kg1 Ra1+ 69. Kh2 g3+ 70. Kxh3 Rh1+ 71. Kg2 Rxh8 72. Kf3 Nc3 73. Bd4 g2 74. Bxh8 g1Q 0-1

[Event "Budapest-chT1 Lilienthal 1213"]
[Site "Budapest"]
[Date "2012.12.09"]
[Round "5"]
[White "Kormos, Andras"]
[Black "Gyurkovics, Miklos"]
[Result "1-0"]
[WhiteElo "2145"]
[BlackElo "2186"]
[PlyCount "120"]
[EventDate "2012.09.30"]
[EventType "team-tourn"]
[EventRounds "11"]
[EventCountry "HUN"]
[SourceTitle "EXT 2019"]
[Source "ChessBase"]
[SourceDate "2018.10.10"]
[SourceVersion "1"]
[SourceVersionDate "2018.10.10"]
[SourceQuality "1"]
[WhiteTeam "Budapest EAC"]
[BlackTeam "Budapest Vasas II"]
[WhiteTeamCountry "HUN"]
[BlackTeamCountry "HUN"]

1. c4 e5 2. Nc3 Nf6 3. g3 c6 4. Bg2 d5 5. cxd5 cxd5 6. Qb3 Nc6 7. Nxd5 Nd4 8. Nxf6+ gxf6 9. Qd1 Bf5 10. d3 Rc8 11. Kf1 Nc2 12. Rb1 e4 13. Bh3 Qd7 14. Bxf5 Qxf5 15. Bf4 exd3 16. Qxd3 Qxd3 17. exd3 Nb4 18. Re1+ Kd7 19. a3 Nd5 20. Be3 Bc5 21. d4 Bb6 22. Nf3 Rhg8 23. Re2 Rg4 24. Kg2 Re4 25. Rd1 Rce8 26. Rd3 h5 27. Kf1 Bc7 28. Nh4 Bb6 29. Nf5 Rc8 30. Ke1 Ba5+ 31. b4 Bb6 32. f3 Re6 33. Bd2 Rce8 34. Rxe6 fxe6 35. Ne3 h4 36. Nxd5 exd5+ 37. Kf2 h3 38. g4 Rc8 39. Kg3 Bc7+ 40. f4 Rh8 41. a4 Bd6 42. b5 Bc7 43. Bb4 Re8 44. Bd2 Rh8 45. a5 Bd6 46. Rc3 Bb4 47. Rc2 Bd6 48. Bc1 Re8 49. Kxh3 Re4 50. Kg3 Rxd4 51. h4 Rb4 52. h5 d4 53. Rb2 Rc4 54. Bd2 Ke6 55. Kf3 d3 56. h6 Kf7 57. Rb3 Kg6 58. f5+ Kf7 59. Rxd3 Be7 60. Rd7 Ke8 1-0

[Event "Budapest-chT1 Lilienthal 1213"]
[Site "Budapest"]
[Date "2012.11.11"]
[Round "3"]
[White "Kormos, Andras"]
[Black "Mihok, Laszlo"]
[Result "1-0"]
[WhiteElo "2145"]
[BlackElo "2141"]
[PlyCount "93"]
[EventDate "2012.09.30"]
[EventType "team-tourn"]
[EventRounds "11"]
[EventCountry "HUN"]
[SourceTitle "EXT 2019"]
[Source "ChessBase"]
[SourceDate "2018.10.10"]
[SourceVersion "1"]
[SourceVersionDate "2018.10.10"]
[SourceQuality "1"]
[WhiteTeam "Budapest EAC"]
[BlackTeam "Budapest RAC"]
[WhiteTeamCountry "HUN"]
[BlackTeamCountry "HUN"]

1. c4 c6 2. g3 d5 3. cxd5 cxd5 4. Bg2 Nf6 5. Nf3 Nc6 6. 0-0 Bg4 7. h3 Bxf3 8. Bxf3 e6 9. b3 Be7 10. Bb2 0-0 11. d3 Qb6 12. Nd2 Rac8 13. Bg2 Nb4 14. a3 Nc2 15. Ra2 Nd4 16. b4 Nf5 17. Nb3 Rfd8 18. e3 Qc7 19. Qa1 b6 20. Rc1 Qb7 21. Bc3 Ne8 22. e4 Nfd6 23. exd5 exd5 24. Nd4 Bf6 25. Ne2 Qd7 26. Nf4 d4 27. Bd2 Qb5 28. a4 Rxc1+ 29. Qxc1 Qe5 30. Nd5 Qf5 31. Nf4 g6 32. Rc2 Rc8 33. Bc6 Kf8 34. b5 Be5 35. g4 Qf6 36. Nd5 Qf3 37. Nf4 Rxc6 38. bxc6 g5 39. Ng2 Qxh3 40. f4 gxf4 41. Bxf4 Bxf4 42. Qxf4 Qxd3 43. Rc1 Ne4 44. c7 Nc3 45. Qh6+ Kg8 46. c8Q Ne2+ 47. Kh1 1-0

[Event "HUN-chT2 Erkel 1213"]
[Site "Hungary"]
[Date "2012.11.04"]
[Round "3.6"]
[White "Kormos, Andras"]
[Black "Barta, Zoltan"]
[Result "0-1"]
[WhiteElo "2145"]
[BlackElo "1905"]
[PlyCount "175"]
[EventDate "2012.09.16"]
[EventType "team-tourn"]
[EventRounds "11"]
[EventCountry "HUN"]
[SourceTitle "EXT 2014"]
[Source "ChessBase"]
[SourceDate "2013.11.20"]
[SourceVersion "1"]
[SourceVersionDate "2013.11.20"]
[SourceQuality "1"]
[WhiteTeam "BEAC II"]
[BlackTeam "Andornaktalya"]
[WhiteTeamCountry "HUN"]
[BlackTeamCountry "HUN"]

1. c4 c5 2. Nc3 Nf6 3. g3 Nc6 4. Bg2 g6 5. b3 Bg7 6. Bb2 0-0 7. Nd5 e6 8. Nxf6+ Bxf6 9. Qc2 d6 10. Nf3 Bd7 11. h4 e5 12. d3 Rb8 13. h5 g5 14. h6 Bf5 15. Nd2 Bg6 16. Be4 Be7 17. Bxg6 fxg6 18. Ne4 b6 19. Bc3 Nd4 20. Bd2 Ne6 21. Qc3 Rf7 22. 0-0-0 a5 23. a4 Qd7 24. Rde1 Rbf8 25. Rh2 Qd8 26. Kb2 Rf5 27. g4 R5f7 28. Ka2 Nd4 29. Be3 Ne6 30. Qc1 Kh8 31. Bd2 Kg8 32. f3 Kh8 33. Rf2 Kg8 34. Ref1 Nf4 35. Qc3 Qc7 36. Rh2 Ne6 37. Bc1 Qd8 38. Rhf2 Nf4 39. Qc2 Kh8 40. e3 Ne6 41. Nc3 Kg8 42. Nd5 Bf6 43. Bb2 Bh8 44. Qc3 Qb8 45. f4 gxf4 46. exf4 Nd4 47. f5 gxf5 48. gxf5 Bf6 49. Qd2 Kh8 50. Bxd4 cxd4 51. Nxf6 Rxf6 52. Qg5 R6f7 53. Rg1 Rg8 54. Qh5 Qf8 55. Rg5 Rxg5 56. Qxg5 Rf6 57. Qg2 Qxh6 58. Qc6 Qf8 59. Qxb6 Rxf5 60. Rxf5 Qxf5 61. Qxd6 h5 62. c5 Qxd3 63. Qxe5+ Kg8 64. Qb8+ Kg7 65. Qc7+ Kg6 66. Qd6+ Kg5 67. Qe7+ Kg4 68. Qe6+ Kg5 69. Qd5+ Kh6 70. Qc4 Qd2+ 71. Ka3 Qd1 72. Qe6+ Kg5 73. Qe5+ Kg4 74. Qg7+ Kh3 75. Qd7+ Kg2 76. Qd5+ Kf2 77. Qf5+ Ke3 78. Qh3+ Kd2 79. Qg2+ Kc3 80. Qb2+ Kd3 81. c6 Qe1 82. Ka2 Qe5 83. Qc1 Qc7 84. Qc4+ Ke4 85. Qe2+ Kd5 86. Qc4+ Ke4 87. Qe6+ Kd3 88. Qf5+ 0-1

[Event "HUN-chT2 Erkel 1213"]
[Site "Hungary"]
[Date "2012.10.07"]
[Round "2.5"]
[White "Kormos, Andras"]
[Black "Kahn, Evarth"]
[Result "0-1"]
[WhiteElo "2145"]
[BlackElo "2255"]
[PlyCount "70"]
[EventDate "2012.09.16"]
[EventType "team-tourn"]
[EventRounds "11"]
[EventCountry "HUN"]
[SourceTitle "EXT 2014"]
[Source "ChessBase"]
[SourceDate "2013.11.20"]
[SourceVersion "1"]
[SourceVersionDate "2013.11.20"]
[SourceQuality "1"]
[WhiteTeam "BEAC II"]
[BlackTeam "Szigetszentmiklos"]
[WhiteTeamCountry "HUN"]
[BlackTeamCountry "HUN"]

1. c4 Nf6 2. Nc3 g6 3. g3 Bg7 4. Bg2 d6 5. Nf3 0-0 6. 0-0 e5 7. d4 Nbd7 8. Bg5 h6 9. dxe5 dxe5 10. Bxf6 Bxf6 11. Qd2 Bg7 12. Rad1 c6 13. Qd6 Qb6 14. Na4 Qa5 15. b3 Nb6 16. Nxb6 axb6 17. a4 Bf5 18. Qc7 Bc2 19. Rd7 Bxb3 20. Nh4 Rfc8 21. Qd6 Qc5 22. Qxc5 bxc5 23. Rb1 Bxc4 24. Rbxb7 Be6 25. Re7 Rxa4 26. Rxe6 Ra1+ 27. Bf1 fxe6 28. Nxg6 Rd8 29. Ne7+ Kh7 30. Nxc6 Rdd1 31. Kg2 Rxf1 32. Nd8 Rg1+ 33. Kf3 Ra6 34. Re7 Kg6 35. Nxe6 Kf6 0-1